Global shadows Africa in the neoliberal world order

Αποθηκεύτηκε σε:
Λεπτομέρειες βιβλιογραφικής εγγραφής
Κύριος συγγραφέας: Ferguson, James, 1959-
Μορφή: Βιβλίο
Γλώσσα:English
Δημοσίευση: Durham : Duke University Press, 2006.
Θέματα:
Διαθέσιμο Online:https://ebookcentral.proquest.com/lib/aegeangr/detail.action?docID=1169293&query=global+shadows
Ετικέτες: Προσθήκη ετικέτας
Δεν υπάρχουν, Καταχωρήστε ετικέτα πρώτοι!

MARC

LEADER 00000cam a2200000 a 4500
001 1/122828
008 210326s2006####uk || |||||||||| ||eng||
020 |a 9780822387640  |q (e-book)  
040 |a GR-MyUa  |b gre  |c GR-MyUa  |e AACR2 
041 0 |a eng 
082 7 |a 327.6   |2 (23) 
100 1 |a Ferguson, James,   |d 1959- 
245 1 0 |a Global shadows   |h [ηλεκτρονικό βιβλίο] :   |b Africa in the neoliberal world order /   |c James Ferguson.  
260 |a Durham :   |b Duke University Press,   |c 2006.  
300 |a 1 ηλεκτρονική πηγή.  
504 |a Περιέχει βιβλιογραφικές παραπομπές και ευρετήριο.  
506 1 |a Διάθεση πλήρους κειμένου περιορισμένης πρόσβασης (μόνο από μέλη του Παν. Αιγαίου).  
506 1 |a Η απομακρυσμένη πρόσβαση είναι εφικτή μέσω VPN. 
588 |a Η καταλογογράφηση βασίστηκε στη σελίδα τίτλου του ηλεκτρονικού τεκμηρίου.  
650 0 |a Globalization 
651 0 |a Africa  |x Foreign relations  |y 1960- 
651 0 |a Africa  |x Economic conditions  |y 1960- 
651 0 |a Africa  |x Politics and government  |y 1960- 
856 |u https://ebookcentral.proquest.com/lib/aegeangr/detail.action?docID=1169293&query=global+shadows 
970 |a Καμάτσου  |b Δέσποινα  |z 2603-2021